00713nam a2200229 i 4500001001100000003000500011005001700016008004100033020001800074040002500092082001600117100002900133245009700162264005600259300002900315336002100344337002500365338002300390490002000413650003000433830002000463C2-0289938PPAK20180728022550.0080922s2008 my |||| ||||| | may d a9789833299232 aPPAKbengcPPAKerda04a351.5952231 aMok, Soon Sang, eauthor10aTeks komprehensif P.T.K. kompetensi umum : bteras untuk pegawai perkhidmatan awam/pelajaran 1aPuchong, Selangor : bMultimedia Resources , c2008 a(8), 668 pages ; c22 cm 2rdacontentatext 2rdamediaaunmediated 2rdacarrieravolume1 aSiri pendidikan10aCivil service - Malaysia. 0aSiri pendidikan